1553 1222 1355 1008 1439 1469 1292 1672 1199 1957 1385 1213 1573 1301 1267 1420 1555 1344 1039 1967 1641 1744 1410 1039 1353 1179 1536 1868 1711 1964 1585 1797 1026 1049 1493 1544 1453 1068 1704 1472 1104 1796 1043 1749 1834 1733 1096 1558 1671 1187 1624 1299 1019 1940 1476 1781 1063 1220 1241 1863 1682 1493 1124 1901 1658 1960 1820 1359 1626 1562 1711 1681 1921 1882 1872 1236 1338 1332 1780 1258 1320 1720 1476 1979 1377 1202 1885 1862 1786 1967 1487 1210 1933 1288 1775 1149 1765 1234 1947 BCNSPRNW ULIB Ver.6.0+V

เปลี่ยนเป็นภาษาไทย

Change to English
 แสดงรายละเอียดบรรณานุกรม
  กลับหน้าหลัก

Brief Record : Get Marc (ISO 2709) : E-mail record : QR code < ปิดหน้าต่าง
LEADER : 00000nam 2200000uu 4500
001    13399119999
003     ULIB
008    120821s2550||||th 000 0 tha d
020    9789740582687
099    นว.^bอ943ร
100 0  Andra
245 00 รักนี้(ไม่)กำมะลอ^cAndra
945    ^p219^l0^i15023
999    ^aใช้งานได้ทุกระบบ
รายการนี้ยังไม่มีแท็ก
คุณยังไม่ได้ล็อกอิน คุณสามารถมีกิจกรรมร่วมกับเว็บไซต์ได้ แต่ต้องล็อกอินก่อน ::
  ล็อกอิน

รายการสื่อสารสนเทศ

ลำดับที่ ประเภท เลขเรียก/บาร์โค้ด สถานที่ สถานะ
1. วิทยาศาสตร์การแพทย์ และสุขภาพ
วิทยาศาสตร์การแพทย์ และสุขภาพ
นว. อ943ร  
  Barcode: 15023
ห้องสมุดวิทยาเขตสวรรค์ประชารักษ์
►นวนิยาย
บนชั้น
  ขอยืม

รายการใกล้เคียง
    ผู้แต่ง [Andra]

BibComment


ยังไม่เคยถูกคอมเมนท์

คอมเมนท์ทรัพยากรรายการนี้
  คอมเมนท์: รักนี้ไม่กำมะลอ A..


 Copyright 2026. Bcnsprnw @Library